[Event "Game 1722 - Friendly Game, 15m + 0s"]
[Site "Beginners"]
[Date "2003.09.24"]
[Round "?"]
[White "MarcusSCBE"]
[Black "kmreese"]
[Result "1-0"]
[WhiteElo "1313"]
[BlackElo "1379"]
[Annotator "Black - Time"]
[PlyCount "95"]

1. e4 c5 2. Bc4 Nf6 3. d3 e5 4. Nf3 Nc6
5. Nc3 Bd6 6. Bg5 O-O 7. O-O h6 8. Bh4 Be7
9. Bxf6 Bxf6 10. a3 d6 11. Nd5 Bg4 12. h3 Bh5
13. c3 a6 14. Qe2 b5 15. Ba2 Rc8 16. Qe3 Bg5
17. Nxg5 hxg5 18. g4 Bg6 19. f3 f5 20. gxf5 Bh5
21. b4 cxb4 22. cxb4 Nd4 23. Nb6+ Kh8 24. Nxc8 Nc2
25. Qc1 Nxa1 26. Be6 Nb3 27. Bxb3 g6 28. Be6 gxf5
29. Bxf5 d5 30. exd5 Rxf5 31. Na7 Qb6+ 32. Qc5 Qh6
33. d6 Bg6 34. d7 Qxh3 35. d8=Q+ Kh7 36. Qce7+ Rf7
37. Qxg5 e4 38. Qe5 Rg7 39. Qh8+ Kxh8 40. dxe4 Bxe4+
41. Kf2 Qxf3+ 42. Ke1 Qe3+ 43. Kd1 Qb3+ 44. Kd2 Qd3+
45. Ke1 Qb1+ 46. Kf2 Qc2+ 47. Ke1 Qb1+ 48. Kf2 {Black - Time} 1-0

[Event "Game 1723 - Friendly Game, 8m + 0s"]
[Site "Beginners"]
[Date "2003.09.25"]
[Round "?"]
[White "kmreese"]
[Black "GH"]
[Result "1-0"]
[WhiteElo "1379"]
[BlackElo "1215"]
[PlyCount "67"]

1. e4 e5 2. Nf3 Nc6 3. Bc4 Bc5 4. O-O Nf6
5. Ng5 d5 6. Bb3 h6 7. exd5 Nxd5 8. Ne4 Bd4
9. c3 Bb6 10. c4 Nf6 11. c5 Ba5 12. Ng3 Nd4
13. f4 Bg4 14. Bxf7+ Kxf7 15. Qa4 Ne2+ 16. Nxe2 Bxe2
17. Rf2 Bxd2 18. Bxd2 exf4 19. Rxe2 Re8 20. Qc4+ Kg6
21. Qc2+ Ne4 22. Rxe4 Rxe4 23. Qxe4+ Kf7 24. Qxf4+ Kg8
25. Nc3 Qe7 26. Nd5 Qxc5+ 27. Ne3 Rf8 28. Qe4 Qb6
29. Bb4 Rf7 30. Qe8+ Kh7 31. Qxf7 Qxe3+ 32. Kh1 Qd4
33. Bc3 Qb6 34. Qxg7# 1-0

[Event "Game 1724 - Friendly Game, 8m + 0s"]
[Site "Beginners"]
[Date "2003.09.25"]
[Round "?"]
[White "GH"]
[Black "kmreese"]
[Result "0-1"]
[WhiteElo "1215"]
[BlackElo "1379"]
[Annotator "White - Resign"]
[PlyCount "60"]

1. e4 c5 2. Bc4 e6 3. Nf3 Nf6 4. d3 Nc6
5. Nc3 d5 6. exd5 exd5 7. Nxd5 Nxd5 8. Ng5 Nd4
9. c3 Qe7+ 10. Be3 Nxe3 11. fxe3 Qxe3+ 12. Kf1 Qxg5
13. cxd4 Bg4 14. Qe1+ Be7 15. h3 Qf4+ 16. Qf2 Qg5
17. Qxf7+ Kd8 18. Re1 Rf8 19. Rxe7 Rxf7+ 20. Rxf7 Qc1+
21. Kf2 Qd2+ 22. Kg3 Bd7 23. Rf8+ Be8 24. Bf7 Qxd3+
25. Kh2 Ke7 26. Re1+ Kxf8 27. Bd5 Rd8 28. Rf1+ Qxf1
29. Bxb7 Qf4+ 30. g3 Qf2+ {White - Resign} 0-1

[Event "Game 1725 - Rated game, 15m + 2s"]
[Site "Main Playing Hall"]
[Date "2003.09.26"]
[Round "?"]
[White "Agamennone"]
[Black "kmreese"]
[Result "1-0"]
[WhiteElo "1551"]
[BlackElo "1543"]
[PlyCount "65"]

1. e4 c5 2. Nf3 d6 3. c3 Nc6 4. d4 Nf6
5. d5 Ne5 6. Nxe5 dxe5 7. Bg5 Nxe4 8. Bh4 g5
9. Qe2 Qxd5 10. Bg3 h5 11. f3 Nxg3 12. hxg3 g4
13. Nd2 gxf3 14. Nxf3 Bg4 15. Rd1 Qxa2 16. Qxe5 f6
17. Qxc5 e5 18. Bb5+ Kf7 19. Qc7+ Be7 20. Bc4+ Qxc4
21. Qxc4+ Kg7 22. O-O Rac8 23. Qb5 Bc5+ 24. Kh1 h4
25. Nxh4 Bxd1 26. Rxd1 Rc7 27. Rd7+ Rxd7 28. Qxd7+ Kh6
29. Qf5 Rg8 30. Qxf6+ Kh5 31. Qf7+ Kg4 32. Qxg8+ Kh5
33. Qg6# 1-0

[Event "Game 1726 - Friendly Game, 15m + 0s"]
[Site "Main Playing Hall"]
[Date "2003.09.26"]
[Round "?"]
[White "Pablo_pr"]
[Black "kmreese"]
[Result "0-1"]
[WhiteElo "1118"]
[BlackElo "1379"]
[Annotator "White - Resign"]
[PlyCount "76"]

1. Nf3 d5 2. d4 Nc6 3. g3 Nf6 4. Bg2 Bf5
5. c3 Ng4 6. O-O e6 7. Be3 Be7 8. Ne5 Ncxe5
9. dxe5 Nxe5 10. Bf4 Ng4 11. Qd4 e5 12. Bxe5 c5
13. Qf4 Qd7 14. Bxg7 Rg8 15. Be5 f6 16. Bxf6 Nxf6
17. Qh6 c4 18. Nd2 Rg6 19. Qf4 Nh5 20. Qe3 O-O-O
21. Nf3 Re8 22. Ne5 Qd6 23. Nxg6 Qxg6 24. Qxa7 Bd6
25. Qa8+ Kd7 26. Qxb7+ Bc7 27. Qxd5+ Bd6 28. Rad1 Re6
29. Qc6+ Ke7 30. Qb7+ Kf6 31. Qd5 Be5 32. e4 Rd6
33. Qb7 Rxd1 34. Qc6+ Rd6 35. Qxc4 Be6 36. Qe2 Bg4
37. Qc2 Nf4 38. gxf4 Bf3 { White - Resign} 0-1

[Event "Game 1727 - Rated game, 15m + 0s"]
[Site "Beginners"]
[Date "2003.09.27"]
[Round "?"]
[White "ghigo"]
[Black "kmreese"]
[Result "0-1"]
[WhiteElo "1066"]
[BlackElo "1379"]
[Annotator "White - Time"]
[PlyCount "80"]

1. e4 c5 2. Nf3 d6 3. c3 Nf6 4. d3 d5
5. Be2 d4 6. cxd4 cxd4 7. O-O e6 8. a3 Nc6
9. b4 e5 10. Nbd2 a5 11. bxa5 Rxa5 12. Nc4 Ra6
13. Nfxe5 Nxe5 14. Nxe5 Qc7 15. Nf3 Ng4 16. g3 Rh6
17. Bxh6 gxh6 18. Qa4+ Bd7 19. Qxd4 Rg8 20. Rac1 Bc6
21. e5 Bg7 22. Qxg4 Kf8 23. d4 f6 24. Bc4 Rh8
25. exf6 Bxf6 26. d5 Rg8 27. Qe6 Rg6 28. dxc6 Bb2
29. Rc2 Rxe6 30. Bxe6 Bxa3 31. Rc3 Bd6 32. Rb1 b6
33. Bd5 Ke7 34. Rcb3 Kf6 35. Rxb6 Qa7 36. Rb7 Qa5
37. Rf7+ Kg6 38. h4 Qxd5 39. c7 Bxc7 40. Rxc7 Qxf3 {White - Time} 0-1

[Event "Game 1728 - Rated game, 10m + 2s"]
[Site "Beginners"]
[Date "2003.09.27"]
[Round "?"]
[White "natnek"]
[Black "kmreese"]
[Result "0-1"]
[WhiteElo "1177"]
[BlackElo "1384"]
[PlyCount "60"]

1. e4 c5 2. d4 e6 3. Bc4 d5 4. Bb3 c4
5. Ba4+ Bd7 6. Bxd7+ Nxd7 7. exd5 exd5 8. Qe2+ Be7
9. f4 Ngf6 10. Nc3 O-O 11. f5 Bb4 12. Nf3 Ng4
13. O-O Ndf6 14. Bg5 h6 15. Bxf6 Qxf6 16. Ne5 Nxe5
17. dxe5 Qb6+ 18. Kh1 Rfe8 19. Nxd5 Qb5 20. Rad1 Rac8
21. f6 g6 22. h4 Bd6 23. h5 Rxe5 24. Ne7+ Bxe7
25. Qg4 Rxh5+ 26. Kg1 Bc5+ 27. Rf2 Bxf2+ 28. Kxf2 Qc5+
29. Kf1 Rf5+ 30. Ke1 Qf2# 0-1

[Event "Game 1730 - Rated game, 12m + 2s"]
[Site "Beginners"]
[Date "2003.09.28"]
[Round "?"]
[White "kmreese"]
[Black "Mantis1"]
[Result "1-0"]
[WhiteElo "1393"]
[BlackElo "1149"]
[PlyCount "51"]

1. e4 Nf6 2. Nc3 d5 3. e5 Ne4 4. Nb5 Bg4
5. f3 Nxd2 6. Bxd2 Be6 7. a4 c6 8. Nd4 Bd7
9. e6 fxe6 10. f4 Qb6 11. Be3 Qb4+ 12. c3 Qxb2
13. Nge2 Na6 14. f5 e5 15. Rb1 Qa3 16. Rxb7 exd4
17. Bxd4 Bxf5 18. Bxa7 Be4 19. Rb3 Qxa4 20. Rb8+ Nxb8
21. Qxa4 Bd3 22. Nd4 Bxf1 23. Rxf1 g6 24. Nxc6 Bh6
25. Nxb8+ Kd8 26. Qd7# 1-0

[Event "Game 1731 - Friendly Game, 15m + 0s"]
[Site "Main Playing Hall"]
[Date "2003.09.28"]
[Round "?"]
[White "jp77"]
[Black "kmreese"]
[Result "1/2-1/2"]
[WhiteElo "1377"]
[BlackElo "1400"]
[Annotator "Stalemate"]
[PlyCount "115"]

1. e4 c5 2. Nf3 d6 3. d4 Nf6 4. Nc3 Nc6
5. d5 Ne5 6. Nxe5 dxe5 7. Bc4 e6 8. O-O exd5
9. exd5 Bg4 10. Qd2 e4 11. Re1 Bd6 12. Nxe4 Bxh2+
13. Kxh2 O-O 14. b3 Re8 15. Nxf6+ Qxf6 16. Re7 Qd6+
17. Qf4 Qxf4+ 18. Bxf4 Rxe7 19. d6 Re4 20. g3 Rd8
21. Bd5 Re2 22. Bxb7 Rxf2+ 23. Kg1 Rxc2 24. Bd5 g5
25. Bxg5 Rxd6 26. Be4 f6 27. Bf4 Rd4 28. Bxc2 h5
29. Be3 Rd8 30. Bxc5 Kg7 31. Re1 f5 32. Re7+ Kg6
33. Rxa7 Rh8 34. Ra6+ Kf7 35. b4 h4 36. Bb3+ Kg7
37. Bd4+ Kh7 38. Ra7+ Kh6 39. Bxh8 hxg3 40. Bd5 Kh5
41. Kg2 Kh4 42. Rh7+ Bh5 43. Bf6+ Kg4 44. Bf3+ Kf4
45. Rxh5 Ke3 46. Kxg3 f4+ 47. Kg4 Kf2 48. Bd4+ Ke1
49. Rh1+ Kd2 50. Kxf4 Kc2 51. Be4+ Kd2 52. Rh2+ Ke1
53. Bc3+ Kf1 54. Rh1+ Ke2 55. Re1+ Kf2 56. Rb1 Ke2
57. Bd4 Kd2 58. Kf3 {Stalemate} 1/2-1/2

[Event "Game 1733 - Rated game, 15m + 0s"]
[Site "Main Playing Hall"]
[Date "2003.09.29"]
[Round "?"]
[White "partsrecycler"]
[Black "kmreese"]
[Result "0-1"]
[WhiteElo "1102"]
[BlackElo "1400"]
[Annotator "White - Resign"]
[PlyCount "72"]

1. e4 c5 2. c3 e5 3. Nf3 Nc6 4. d4 cxd4
5. cxd4 Bb4+ 6. Bd2 a5 7. a3 Bxd2+ 8. Qxd2 a4
9. Bc4 Na5 10. Bxf7+ Kxf7 11. Nxe5+ Ke8 12. O-O Nf6
13. b4 Nxe4 14. Qe3 Ng5 15. Re1 Ne6 16. d5 d6
17. Nf7 Kxf7 18. dxe6+ Ke7 19. Nc3 Nc4 20. Nd5+ Ke8
21. Nf6+ Qxf6 22. Qd3 Bxe6 23. Qe4 Ne5 24. Qxb7 Rd8
25. Qb5+ Kf7 26. Rac1 Kg6 27. f4 Qxf4 28. Qe2 Rhf8
29. Rf1 Qd4+ 30. Kh1 Ng4 31. Rcd1 Rxf1+ 32. Rxf1 Re8
33. Qc2+ Kh5 34. h3 Bb3 35. Qxh7+ Nh6 36. g4+ Kh4 {White - Resign} 0-1

[Event "Game 1734 - Friendly Game, 15m + 0s"]
[Site "Main Playing Hall"]
[Date "2003.09.30"]
[Round "?"]
[White "kmreese"]
[Black "Tenzun"]
[Result "0-1"]
[WhiteElo "1405"]
[BlackElo "1412"]
[PlyCount "110"]

1. e4 e5 2. Nf3 d6 3. Bc4 h6 4. d4 exd4
5. Nxd4 Nf6 6. Nc3 Be7 7. O-O O-O 8. f4 c5
9. Nf5 Bxf5 10. exf5 a6 11. Nd5 b5 12. Nxe7+ Qxe7
13. Re1 Qc7 14. Be2 d5 15. Be3 d4 16. Bd2 Nc6
17. c3 c4 18. cxd4 Nxd4 19. Bc3 Nxe2+ 20. Rxe2 Rad8
21. Qf1 Nd5 22. Be5 Qc5+ 23. Kh1 Qc6 24. Rc1 Nb4
25. b3 Nd3 26. Rd1 Rd5 27. bxc4 bxc4 28. Rc2 Rfd8
29. Rcd2 c3 30. Rxd3 c2 31. Rxd5 Rxd5 32. Rxd5 Qxd5
33. h4 Qd1 34. Kg1 Qxf1+ 35. Kxf1 c1=Q+ 36. Kf2 Qc2+
37. Kg3 Qxf5 38. a4 f6 39. Ba1 h5 40. Bxf6 Qxf6
41. f5 Qxf5 42. a5 Qg4+ 43. Kf2 Qxh4+ 44. Kf3 Qg4+
45. Kf2 Qb4 46. Kg3 g5 47. Kh2 Qxa5 48. g3 Qe5
49. Kh3 a5 50. g4 Qe3+ 51. Kg2 h4 52. Kf1 Qf3+
53. Kg1 Qxg4+ 54. Kh1 h3 55. Kh2 Qg2# 0-1

[Event "Game 1736 - Rated game, 10m + 0s"]
[Site "Beginners"]
[Date "2003.10.01"]
[Round "?"]
[White "jediMind42"]
[Black "kmreese"]
[Result "0-1"]
[WhiteElo "1168"]
[BlackElo "1413"]
[Annotator "White - Resign"]
[PlyCount "94"]

1. g3 c5 2. Bg2 d5 3. d3 d4 4. Na3 e5
5. c4 dxc3 6. bxc3 c4 7. Nxc4 Nf6 8. Nxe5 Nd5
9. Qb3 Be6 10. e4 Ne3 11. Qa4+ Nd7 12. fxe3 Bd6
13. Nef3 O-O 14. Qd1 Nc5 15. Nd4 Bd7 16. e5 Ba4
17. Qg4 Nxd3+ 18. Kd2 Nxe5 19. Qe2 Rc8 20. Bxb7 Nc4+
21. Kd3 Ne5+ 22. Kd2 Rc7 23. Be4 Nc4+ 24. Ke1 Re8
25. Bd3 Rxe3 26. Bxe3 Nxe3 27. Qxe3 Re7 28. Be4 Qa5
29. Rc1 f5 30. Nxf5 Bc5 31. Nxe7+ Kf8 32. Qg5 Bf2+
33. Kxf2 Qxg5 34. Nf5 Qxc1 35. h4 Qd2+ 36. Ne2 Bb5
37. Nfd4 Bc4 38. Kg2 a5 39. Rf1+ Ke7 40. Nf5+ Kd7
41. Nfd4 Bxe2 42. Bf5+ Kd6 43. Nb5+ Bxb5+ 44. Rf2 Qd5+
45. Kg1 Qd1+ 46. Rf1 Qxf1+ 47. Kh2 Qxf5 {White - Resign} 0-1

[Event "Game 1738 - Rated game, 10m + 0s"]
[Site "Main Playing Hall"]
[Date "2003.10.03"]
[Round "?"]
[White "kmreese"]
[Black "swimmer"]
[Result "1-0"]
[WhiteElo "1426"]
[BlackElo "1186"]
[Annotator "Black - Time"]
[PlyCount "59"]

1. e4 e5 2. Nf3 Nc6 3. Bc4 Nh6 4. d3 a5
5. Ng5 Bb4+ 6. c3 Bc5 7. d4 exd4 8. Qf3 O-O
9. O-O Ne5 10. Qe2 dxc3 11. Nxc3 Nhg4 12. Be3 Bb4
13. f3 Nxe3 14. Qxe3 Bxc3 15. bxc3 Nxc4 16. Qf4 a4
17. e5 d6 18. exd6 Nxd6 19. Rad1 h6 20. Ne4 Bf5
21. Ng3 Ra5 22. Rf2 Rc5 23. Rfd2 Qf6 24. Rd3 Rxc3
25. Rxd6 cxd6 26. Nxf5 Ra3 27. Rxd6 Qa1+ 28. Kf2 Qxa2+
29. Kg3 Qa1 30. Rxh6 {Black - Time} 1-0

[Event "Game 1741 - Rated game, 10m + 2s"]
[Site "Main Playing Hall"]
[Date "2003.10.07"]
[Round "?"]
[White "kmreese"]
[Black "gerhard03"]
[Result "1-0"]
[WhiteElo "1459"]
[BlackElo "1263"]
[PlyCount "65"]

1. e4 e5 2. Nf3 Nf6 3. Bc4 d5 4. exd5 Nxd5
5. d3 Be6 6. Ng5 Qd7 7. O-O Be7 8. Ne4 O-O
9. a3 a5 10. Re1 a4 11. Ng3 b5 12. Bxd5 Qxd5
13. Nc3 Qc6 14. Rxe5 Ra5 15. Nce4 Nd7 16. Rh5 g6
17. Rh6 f5 18. Ng5 b4 19. axb4 Bxb4 20. c3 Be7
21. b4 Re5 22. b5 Qxb5 23. d4 Bb3 24. Rb1 Bxd1
25. Rxb5 Rxb5 26. Ne6 Rc8 27. h4 Bf8 28. Nxf8 Nxf8
29. h5 Kg7 30. hxg6 Nxg6 31. Nh5+ Kh8 32. Nf6 Rb1
33. Rxh7# 1-0

[Event "Game 1744 - Rated game, 15m + 2s"]
[Site "Beginners"]
[Date "2003.10.11"]
[Round "?"]
[White "katze"]
[Black "kmreese"]
[Result "0-1"]
[WhiteElo "1356"]
[BlackElo "1525"]
[Annotator "White - Resign"]
[PlyCount "56"]

1. e4 c5 2. Bc4 Nf6 3. Nc3 Nc6 4. Nd5 Ne5
5. d3 e6 6. Nxf6+ Qxf6 7. c3 h5 8. Be3 a6
9. d4 Nxc4 10. Qc2 Nxe3 11. fxe3 e5 12. d5 h4
13. h3 c4 14. Qa4 b5 15. Qc2 Bc5 16. Qd2 a5
17. b4 axb4 18. cxb4 Bd6 19. a3 Bb7 20. Qc3 Rc8
21. O-O-O Qg6 22. Rh2 Qxe4 23. Ne2 Bxd5 24. g3 Qf3
25. gxh4 Rxh4 26. Qe1 Qxe3+ 27. Rd2 c3 28. Kc2 cxd2+ {White - Resign} 0-1

[Event "Game 1745 - Rated game, 20m + 0s"]
[Site "Beginners"]
[Date "2003.10.11"]
[Round "?"]
[White "orbit"]
[Black "kmreese"]
[Result "0-1"]
[WhiteElo "1262"]
[BlackElo "1535"]
[PlyCount "48"]

1. e4 c5 2. g3 d5 3. f3 d4 4. c3 Nc6
5. Qa4 Bd7 6. Bc4 a6 7. Qb3 e6 8. cxd4 Nxd4
9. Qxb7 Nc2+ 10. Kd1 Nxa1 11. Nc3 Rb8 12. Qxa6 Rb4
13. Bd3 e5 14. Qa3 c4 15. Be2 Ra4 16. Qxa4 Bxa4+
17. Nxa4 Qa8 18. Nb6 Qxa2 19. Bxc4 Qb1 20. Bb5+ Kd8
21. Nd7 Qc2+ 22. Ke2 Qxc1 23. Nxf8 Nb3 24. Ke3 Qxd2# 0-1

[Event "Game 1746 - Rated game, 12m + 0s"]
[Site "Beginners"]
[Date "2003.10.11"]
[Round "?"]
[White "reospa"]
[Black "kmreese"]
[Result "0-1"]
[WhiteElo "1258"]
[BlackElo "1468"]
[Annotator "White - Resign"]
[PlyCount "58"]

1. e4 c5 2. e5 d6 3. Nf3 dxe5 4. Nxe5 Nf6
5. Nc4 Nc6 6. Nc3 e5 7. Na4 b5 8. Nxe5 Nxe5
9. Nc3 c4 10. Nxb5 Bc5 11. Bxc4 Nxc4 12. Qe2+ Be6
13. d3 Qa5+ 14. Bd2 Nxd2 15. Qxd2 Qxb5 16. c4 Qb6
17. O-O-O Rd8 18. Rde1 O-O 19. a3 Rd6 20. b4 Bd4
21. c5 Bxc5 22. bxc5 Qxc5+ 23. Kd1 Bb3+ 24. Ke2 Re8+
25. Kf1 Rxe1+ 26. Kxe1 Ne4 27. Qe2 Qc3+ 28. Kf1 Nd2+
29. Kg1 Qc1+ {White - Resign} 0-1

[Event "Game 1747 - Rated game, 12m + 3s"]
[Site "Main Playing Hall"]
[Date "2003.10.13"]
[Round "?"]
[White "kmreese"]
[Black "bonasera"]
[Result "0-1"]
[WhiteElo "1476"]
[BlackElo "1223"]
[Annotator "White - Resign"]
[PlyCount "24"]

1. e4 c6 2. d4 d5 3. e5 Bf5 4. Nf3 e6
5. Ng5 h6 6. Qh5 Bg6 7. Qf3 hxg5 8. Nc3 Bxc2
9. Qg3 f6 10. exf6 Qxf6 11. Bxg5 Qxd4 12. Qh3 Rxh3 {White - Resign} 0-1

[Event "Game 1751 - Friendly Game, 15m + 0s"]
[Site "Main Playing Hall"]
[Date "2003.10.15"]
[Round "?"]
[White "Breathewave"]
[Black "kmreese"]
[Result "0-1"]
[WhiteElo "1017"]
[BlackElo "1447"]
[PlyCount "26"]

1. Nf3 d5 2. d3 d4 3. c3 e5 4. Bd2 dxc3
5. Bxc3 Nc6 6. Nxe5 Nxe5 7. Bxe5 Bf5 8. e4 Bb4+
9. Ke2 Bg6 10. a3 Bc5 11. Bxg7 f6 12. Bxh8 Qd4
13. Nd2 Qxf2# 0-1

[Event "Game 1752 - Friendly Game, 15m + 0s"]
[Site "Main Playing Hall"]
[Date "2003.10.15"]
[Round "?"]
[White "kmreese"]
[Black "Breathewave"]
[Result "1-0"]
[WhiteElo "1447"]
[BlackElo "1017"]
[PlyCount "117"]

1. e4 e5 2. Nf3 Nc6 3. Bc4 Nf6 4. Ng5 Rg8
5. Bxf7+ Ke7 6. d3 Rh8 7. Nxh7 Rxh7 8. Bg6 Rh4
9. g3 Rg4 10. Bf5 d6 11. Bxg4 Bxg4 12. f3 Bh3
13. Nc3 Bg2 14. Rg1 Bh3 15. g4 Nd4 16. Rg3 Nxf3+
17. Qxf3 Bxg4 18. Rxg4 Nxg4 19. Qxg4 Qd7 20. Nd5+ Ke8
21. Qg6+ Kd8 22. Bg5+ Kc8 23. O-O-O c6 24. Ne3 Qh3
25. Nf5 Qxh2 26. Qe6+ Kc7 27. d4 exd4 28. Rxd4 c5
29. Qf7+ Kb6 30. Qb3+ Kc7 31. Rd2 Qh1+ 32. Rd1 Qxe4
33. Ne3 Qe5 34. Nd5+ Kc6 35. Qa4+ b5 36. Qa6+ Kd7
37. Qb7+ Ke6 38. Nf4+ Kf5 39. Rd5 Qxd5 40. Qxd5+ Kg4
41. Qxa8 Kxg5 42. Qxf8 Kg4 43. Qxd6 c4 44. Ne6 g5
45. b4 Kf5 46. a3 c3 47. Qa6 g4 48. Nd4+ Ke4
49. Qxa7 g3 50. Ne2 Kf3 51. Nxc3 g2 52. Qg1 Kg3
53. Nxb5 Kh3 54. a4 Kg3 55. a5 Kh3 56. a6 Kg3
57. a7 Kf3 58. a8=Q+ Ke2 59. Qe4# 1-0

[Event "Game 1753 - Rated game, 15m + 0s"]
[Site "Main Playing Hall"]
[Date "2003.10.16"]
[Round "?"]
[White "scrawny-pawny"]
[Black "kmreese"]
[Result "1-0"]
[WhiteElo "968"]
[BlackElo "1418"]
[Annotator "Black - Time"]
[PlyCount "57"]

1. d4 Nf6 2. e3 d5 3. Bd3 Nc6 4. c4 e5
5. f4 e4 6. Be2 dxc4 7. Bxc4 Bg4 8. Ne2 Bd6
9. d5 Na5 10. Nd2 Bb4 11. a3 Nxc4 12. axb4 Nxe3
13. Qa4+ Bd7 14. Qb3 Nxg2+ 15. Kd1 e3 16. Rg1 Bh3
17. Nf1 Ne4 18. Nxe3 Nf2+ 19. Kd2 Ne4+ 20. Kd1 Qh4
21. Nxg2 Nf2+ 22. Kc2 O-O-O 23. Qg3 Bf5+ 24. Kb3 Qxg3+
25. hxg3 Rxd5 26. Ne3 Rd3+ 27. Nc3 Be6+ 28. Kc2 Rhd8
29. f5 {Black - Time} 1-0

[Event "Game 1762 - Friendly Game, 15m + 0s"]
[Site "Main Playing Hall"]
[Date "2003.10.22"]
[Round "?"]
[White "q2q3"]
[Black "kmreese"]
[Result "1-0"]
[WhiteElo "1344"]
[BlackElo "1391"]
[PlyCount "57"]

1. e4 c5 2. Nf3 d6 3. d4 cxd4 4. Nxd4 Nf6
5. Nc3 d5 6. Bb5+ Bd7 7. exd5 Bxb5 8. Ndxb5 e5
9. Bg5 Bb4 10. d6 Na6 11. a3 Bxc3+ 12. Nxc3 Qb6
13. Bxf6 gxf6 14. d7+ Kd8 15. Qf3 Kxd7 16. O-O-O+ Ke6
17. Rhe1 Rhd8 18. Rxd8 Rxd8 19. Re3 f5 20. Qf4 f6
21. g4 Kf7 22. Qxf5 Re8 23. Qxh7+ Ke6 24. Qf5+ Kf7
25. h4 Nc5 26. h5 Ne6 27. Rxe5 Nd4 28. Qg6+ Kf8
29. Rxe8# 1-0

[Event "Game 1764 - Rated game, 8m + 10s"]
[Site "Beginners"]
[Date "2003.10.23"]
[Round "?"]
[White "kmreese"]
[Black "andy777"]
[Result "0-1"]
[WhiteElo "1391"]
[BlackElo "1056"]
[PlyCount "68"]

1. e4 e5 2. Nf3 Bc5 3. Bc4 Qf6 4. O-O d6
5. d3 Bg4 6. Nc3 h5 7. Nd5 Qd8 8. h3 Bxh3
9. gxh3 Qd7 10. Ng5 f6 11. Nxc7+ Qxc7 12. Ne6 Qd7
13. a4 a6 14. Be3 Nc6 15. Bxc5 dxc5 16. Nxc5 Qe7
17. Ne6 Qd7 18. c3 g5 19. a5 g4 20. hxg4 h4
21. b4 h3 22. b5 h2+ 23. Kh1 Nd8 24. Nc5 Qg7
25. bxa6 bxa6 26. Nxa6 Nh6 27. Bb5+ Kf8 28. f3 Ne6
29. Qb3 Nf4 30. Qb4+ Kf7 31. Nc7 Nxg4 32. fxg4 Qxg4
33. Bc4+ Kg6 34. Nxa8 Qg2# 0-1

[Event "Game 1765 - Rated game, 15m + 0s"]
[Site "Main Playing Hall"]
[Date "2003.10.23"]
[Round "?"]
[White "kmreese"]
[Black "scrawny-pawny"]
[Result "1-0"]
[WhiteElo "1359"]
[BlackElo "968"]
[PlyCount "37"]

1. e4 e5 2. Nf3 d6 3. Bc4 Be6 4. d3 d5
5. exd5 Bxd5 6. Nxe5 f6 7. O-O fxe5 8. Re1 Qd6
9. Nc3 Bxc4 10. Ne4 Qd4 11. Be3 Qxb2 12. dxc4 Nf6
13. Nxf6+ gxf6 14. Qh5+ Kd8 15. Rad1+ Nd7 16. Qf7 Qxc2
17. Qxf6+ Be7 18. Qxh8+ Bf8 19. Qxf8# 1-0

[Event "Game 1766 - Rated game, 10m + 0s"]
[Site "Main Playing Hall"]
[Date "2003.10.24"]
[Round "?"]
[White "dauhuber"]
[Black "kmreese"]
[Result "0-1"]
[WhiteElo "1232"]
[BlackElo "1363"]
[Annotator "White - Resign"]
[PlyCount "28"]

1. e4 c5 2. c4 Nc6 3. d3 Nd4 4. f4 Nf6
5. Nf3 d6 6. Nxd4 cxd4 7. Nd2 e5 8. Nf3 exf4
9. Bxf4 Nh5 10. Ng5 Nxf4 11. Nf3 Bg4 12. h3 Bxf3
13. gxf3 Qh4+ 14. Kd2 d5 {White - Resign} 0-1

[Event "Game 1767 - Friendly Game, 15m + 0s"]
[Site "Main Playing Hall"]
[Date "2003.10.24"]
[Round "?"]
[White "Verdict"]
[Black "kmreese"]
[Result "1-0"]
[WhiteElo "1480"]
[BlackElo "1374"]
[PlyCount "45"]

1. e4 c5 2. Nf3 d6 3. d4 Nf6 4. Nc3 cxd4
5. Nxd4 e5 6. Nf3 a6 7. Bg5 Be7 8. Bc4 Nc6
9. O-O Bg4 10. h3 Bh5 11. g4 Nxg4 12. Bxe7 Qxe7
13. hxg4 Bxg4 14. Nd5 Qd8 15. c3 b5 16. Bb3 b4
17. Rc1 bxc3 18. Rxc3 Nd4 19. Nc7+ Kf8 20. Nd5 Nxf3+
21. Rxf3 Qh4 22. Nc7 f6 23. Qxd6# 1-0

[Event "Game 1768 - Rated game, 10m + 0s"]
[Site "Main Playing Hall"]
[Date "2003.10.24"]
[Round "?"]
[White "johnblass"]
[Black "kmreese"]
[Result "0-1"]
[WhiteElo "1207"]
[BlackElo "1374"]
[Annotator "White - Time"]
[PlyCount "104"]

1. d4 Nf6 2. c3 d5 3. f3 Nc6 4. g4 e5
5. g5 Nh5 6. e3 e4 7. f4 h6 8. Qxh5 g6
9. Qd1 hxg5 10. Na3 g4 11. Nb5 Qh4+ 12. Ke2 g3
13. Kd2 Nb4 14. Nxc7+ Kd8 15. Nxa8 gxh2 16. Nh3 Bxh3
17. Bxh3 Qxh3 18. cxb4 Bxb4+ 19. Kc2 Qg2+ 20. Kb3 a5
21. a3 Bd6 22. Nb6 f5 23. Nxd5 b5 24. a4 b4
25. Bd2 Kd7 26. Nb6+ Ke6 27. d5+ Kf7 28. Nc4 Bc7
29. Nxa5 Bxa5 30. Bxb4 Rb8 31. d6 Bxb4 32. Qd5+ Kg7
33. Qe5+ Kh7 34. Qe7+ Kh6 35. Qg5+ Qxg5 36. fxg5+ Kxg5
37. Rxh2 Bxd6+ 38. Kc4 Bxh2 39. a5 f4 40. exf4+ Kxf4
41. b4 e3 42. b5 e2 43. a6 Rc8+ 44. Kd3 Kf3
45. a7 Be5 46. Rb1 Rc3+ 47. Kd2 Ra3 48. b6 Ra2+
49. Kd3 g5 50. a8=Q+ Rxa8 51. b7 Rb8 52. Rb5 Bf4 { White - Time} 0-1

[Event "Game 1770 - Rated game, 7m + 0s"]
[Site "Beginners"]
[Date "2003.10.25"]
[Round "?"]
[White "kmreese"]
[Black "Tommasino"]
[Result "1-0"]
[WhiteElo "1384"]
[BlackElo "1114"]
[Annotator "Black - Resign"]
[PlyCount "45"]

1. e4 e5 2. Nf3 Bc5 3. Bc4 Nf6 4. Nxe5 d5
5. Bb3 O-O 6. O-O dxe4 7. d3 e3 8. fxe3 Qd6
9. d4 Bb6 10. Nc3 h5 11. a4 Ng4 12. Bxf7+ Kh8
13. Ng6+ Kh7 14. Nxf8+ Kh8 15. Ng6+ Kh7 16. Rf4 Nd7
17. Qd3 Kh6 18. Ne4 Qb4 19. Bd2 Qxb2 20. Rff1 c5
21. Ng3 cxd4 22. e4+ Ne3 23. Nf5+ {Black - Resign} 1-0

[Event "Game 1771 - Rated game, 20m + 0s"]
[Site "Beginners"]
[Date "2003.10.25"]
[Round "?"]
[White "kmreese"]
[Black "sercan"]
[Result "1-0"]
[WhiteElo "1547"]
[BlackElo "1161"]
[Annotator "Black - Resign"]
[PlyCount "20"]

1. e4 e5 2. Nf3 Qf6 3. Bc4 d5 4. Bxd5 Qb6
5. Ng5 Nh6 6. Nc3 Be6 7. Na4 Qd6 8. Bxb7 f6
9. Nf3 Bc4 10. Bxa8 Qxd2+ {Black - Resign} 1-0

[Event "Game 1772 - Rated game, 10m + 2s"]
[Site "Main Playing Hall"]
[Date "2003.10.26"]
[Round "?"]
[White "Fischerfanatic2"]
[Black "kmreese"]
[Result "1-0"]
[WhiteElo "1208"]
[BlackElo "1374"]
[PlyCount "69"]

1. d4 c5 2. Nf3 c4 3. Nc3 Nf6 4. a3 d5
5. Bf4 e6 6. e3 Bd7 7. Ne5 Nc6 8. Nxd7 Qxd7
9. Be2 e5 10. dxe5 Nxe5 11. Bxe5 Qe6 12. Bd4 Bd6
13. g3 g6 14. O-O g5 15. Qd2 g4 16. Kg2 h5
17. f3 h4 18. f4 h3+ 19. Kg1 Rh5 20. Qd1 O-O-O
21. Re1 b5 22. Bf1 Bc7 23. b4 cxb3 24. cxb3 Bd6
25. Qc2 Kb8 26. Kf2 Rc8 27. Rec1 Ne4+ 28. Ke2 b4
29. axb4 Bxb4 30. Qd3 Nxg3+ 31. hxg3 h2 32. Qb5+ Kc7
33. Bg2 Rb8 34. Nxd5+ Kd6 35. Qc6# 1-0

[Event "Game 1773 - Rated game, 8m + 0s"]
[Site "Main Playing Hall"]
[Date "2003.10.27"]
[Round "?"]
[White "kmreese"]
[Black "mikaelho2"]
[Result "0-1"]
[WhiteElo "1348"]
[BlackElo "1192"]
[PlyCount "40"]

1. e4 e5 2. Nf3 Nc6 3. Bc4 Bc5 4. O-O Qe7
5. Nc3 Nf6 6. Ng5 O-O 7. d3 Nd4 8. Nxh7 Nxh7
9. Nd5 Qd6 10. b4 Bxb4 11. Nxb4 Qxb4 12. Bd2 Qc5
13. Be3 d6 14. f4 exf4 15. c3 fxe3 16. cxd4 Qxd4
17. Bxf7+ Rxf7 18. Qb3 Ng5 19. Rf5 Qxa1+ 20. Rf1 Qxf1# 0-1